01229nam a2200337Ia 4500001001200000003000800012006001900020007001500039008004100054020001800095020001500113040002100128035002000149050002700169082001400196100001900210245008200229260004900311300002400360500002000384533015200404650004200556650003400598655002900632700002300661700002900684700001700713700001800730710001700748856012600765ebr10120305CaPaEBRm u cr cn|||||||||050614s2006 maua s 001 0 eng d z9780080489667 z1597492507 aCaPaEBRcCaPaEBR a(OCoLC)6881236514aTK5105.59b.L38 2006eb04a005.82221 aLathem, Chris.10aConfiguring SonicWALL firewallsh[electronic resource] /cChris Lathem et al. aRockland, MA :bSyngress Publishing,cc2006. axxv, 500 p. :bill. aIncludes index. aElectronic reproduction.bPalo Alto, Calif. :cebrary,d2009.nAvailable via World Wide Web.nAccess may be limited to ebrary affiliated libraries. 0aComputer networksxSecurity measures. 0aFirewalls (Computer security) 7aElectronic books.2local1 aBendell, Daniel H.1 aFortenberry, Benjamin W.1 aLynn, Kevin.1 aReed, Joshua.2 aebrary, Inc.40uhttp://site.ebrary.com/lib/rucke/Doc?id=10120305zAn electronic book accessible through the World Wide Web; click to view